PHARMACEUTICS (Record no. 34768)

MARC details
000 -LEADER
fixed length control field 00365nam a22001697a 4500
003 - CONTROL NUMBER IDENTIFIER
control field SGT
020 ## - INTERNATIONAL STANDARD BOOK NUMBER
International Standard Book Number 9789385529009
082 ## - DEWEY DECIMAL CLASSIFICATION NUMBER
Classification number 615.19
Item number P16M
100 ## - MAIN ENTRY--PERSONAL NAME
Personal name MEHTA,R.M.
245 ## - TITLE STATEMENT
Title PHARMACEUTICS
250 ## - EDITION STATEMENT
Edition statement 6TH
260 ## - PUBLICATION, DISTRIBUTION, ETC. (IMPRINT)
Place of publication, distribution, etc DELHI
Name of publisher, distributor, etc VALLABH PRAKASHAN
Year of Publication 2016
300 ## - PAGE DESCRIPTION
No. of Pages 336
650 ## - SUBJECT ADDED ENTRY--TOPICAL TERM
Topical term or geographic name as entry element PHARMACY
653 ## - KEYWORDS--INDEX TERM
Keyword term PHARMACY, PHARMACEUTICS
942 ## - ADDED ENTRY ELEMENTS (KOHA)
Source of classification or shelving scheme Dewey Decimal Classification
Koha item type Books
Holdings
Withdrawn status Lost status Source of classification or shelving scheme Damaged status Not for loan Collection code Home library Current library Shelving location Date acquired Vendor Name Cost, normal purchase price SGTU Total Checkouts Full call number Accession No. (Barcode) Date last seen Bill Date Koha item type
    Dewey Decimal Classification     AYURVEDA SGT FA-FP Library SGT FA-FP Library Text Book 01/05/2026 DEPARTMENT OF MEDICINE 200.00 SGTU   615.19 P16M FA13539G 01/05/2026 01/05/2026 Books